000 00366nam a2200169Ia 4500
100 _aChaffey/Dave
650 _aE business
250 _a3
942 _cBK
366 _f23
654 _aE business
245 _aE-Business and E commerce Management
260 _bPearson Eduation
082 _a658.84
_bCHA
300 _a478
546 _aENGLISH
_celectronics
999 _c31444
_d31444